000 01184nam a2200301 i 4500
001 bg
100 1 _aPogorzelski, Jerzy A.
245 1 0 _aPrzewodnik po PN-EN ochrony cieplnej budynków :
_b[poradnik] /
_cJerzy Pogorzelski ; [oprac. red. Danuta Szczepańska] ; Instytut Techniki Budowlanej.
260 _aWarszawa :
_bInstytut Techniki Budowlanej. Dział Wydawniczy,
_c2009.
300 _a112 s. :
_brys. ;
_c24 cm.
490 1 _aInstrukcje, Wytyczne, Poradniki / Instytut Techniki Budowlanej ;
_v392/2009
500 _aZastępuje Poradnik 392/2003.
650 4 _aBudownictwo
_xenergetyka
_xnormalizacja
_zPolska
650 4 _aIzolacje cieplne
_xbudownictwo
_xnormalizacja
_zPolska
650 4 _aOgrzewanie centralne
_xekonomika
_xnormalizacja
_zPolska
650 4 _aPoradniki
700 1 _aSzczepańska, Danuta.
_eRed.
710 0 _aInstytut Techniki Budowlanej
830 0 _aInstrukcje, Wytyczne, Poradniki - Instytut Techniki Budowlanej ;
_v392/2009
020 _a9788324921645
040 _cBPK
041 0 _apol
044 _aPOL
080 _a699.8:697:006](438)"1989/..."
920 _a978-83-249-2164-5
942 _cKS
008 101230s2009 pl a |000 0 pol
999 _c49849
_d49849
856 _uhttp://koha.tu.koszalin.pl/cgi-bin/koha/opac-detail.pl?biblionumber=49849
_yKatalog online BPK